[Event "St Petersburg Korchnoi Memorial op"]
[Site "St Petersburg"]
[Date "2019.08.20"]
[Round "7"]
[White "Garmash, Aliona"]
[Black "Anisimov, Yuri"]
[Result "1-0"]
[WhiteElo "2107"]
[BlackElo "1882"]
[PlyCount "47"]
[EventDate "2019.08.14"]
[EventType "swiss"]
[EventRounds "9"]
[EventCountry "RUS"]
[SourceTitle "CBM 192"]
[Source "ChessBase"]
[SourceDate "2019.10.31"]
[SourceVersion "1"]
[SourceVersionDate "2019.10.31"]
[SourceQuality "1"]

1. d4 Nf6 2. Nf3 e6 3. Bf4 c5 4. e3 Nc6 5. Nbd2 b6 6. Bd3 Bb7 7. c3 d5 8. 0-0 Bd6 9. Bg3 0-0 10. Ne5 Qc7 11. f4 Ne7 12. Qf3 Nf5 13. Be1 h5 14. h3 Be7 15. g4 hxg4 16. hxg4 Nd6 17. g5 Nfe4 18. Qh3 cxd4 19. Rf2 Bxg5 20. fxg5 Nxg5 21. Qh5 f6 22. Rh2 fxe5 23. Bg6 Ndf7 24. Bxf7+ 1-0

[Event "St Petersburg Korchnoi Memorial op"]
[Site "St Petersburg"]
[Date "2019.08.15"]
[Round "2"]
[White "Andreev, Konstantin"]
[Black "Anisimov, Yuri"]
[Result "1/2-1/2"]
[WhiteElo "2271"]
[BlackElo "1882"]
[PlyCount "88"]
[EventDate "2019.08.14"]
[EventType "swiss"]
[EventRounds "9"]
[EventCountry "RUS"]
[SourceTitle "CBM 192"]
[Source "ChessBase"]
[SourceDate "2019.10.31"]
[SourceVersion "1"]
[SourceVersionDate "2019.10.31"]
[SourceQuality "1"]

1. e4 c5 2. Nf3 Nc6 3. d4 cxd4 4. Nxd4 g6 5. Nxc6 bxc6 6. Qd4 Nf6 7. e5 Ng8 8. e6 Nf6 9. exd7+ Qxd7 10. Qxd7+ Bxd7 11. b3 Bg7 12. Bb2 Bf5 13. Na3 0-0 14. f3 e5 15. g4 Be6 16. 0-0-0 Bd5 17. Bg2 Nd7 18. c4 Be6 19. Rd6 Nc5 20. Rxc6 Nd3+ 21. Kb1 Rfd8 22. Bc3 Nf4 23. Bf1 Bc8 24. c5 Bb7 25. Rd6 Bxf3 26. Rg1 Bf8 27. Bxe5 Bxd6 28. Bxd6 Ne2 29. Bxe2 Bxe2 30. g5 Re8 31. Kb2 Ba6 32. b4 Re2+ 33. Kb3 Rae8 34. Bf4 Rf2 35. Bc1 Rf1 36. Rxf1 Bxf1 37. c6 Rc8 38. b5 a6 39. Bf4 axb5 40. c7 Ra8 41. Bd6 Kg7 42. Kb4 Bh3 43. Nxb5 f6 44. gxf6+ Kxf6 1/2-1/2

[Event "Moscow Time of the First U13"]
[Site "Moscow"]
[Date "2019.06.22"]
[Round "8"]
[White "Kishiev, Famil"]
[Black "Anisimov, Yuri"]
[Result "0-1"]
[WhiteElo "1591"]
[BlackElo "1882"]
[PlyCount "123"]
[EventDate "2019.06.17"]
[EventType "swiss"]
[EventRounds "9"]
[EventCountry "RUS"]
[SourceTitle "EXT 2021"]
[Source "ChessBase"]
[SourceDate "2020.10.23"]
[SourceVersion "1"]
[SourceVersionDate "2020.10.23"]
[SourceQuality "1"]

1. e4 e6 2. d4 d5 3. exd5 exd5 4. Bd3 Bd6 5. Nf3 Nf6 6. Bg5 0-0 7. 0-0 h6 8. Bh4 Bg4 9. h3 Bh5 10. Nbd2 Nbd7 11. c3 c6 12. Qc2 Qc7 13. Bxf6 Nxf6 14. Rfe1 Bxf3 15. Nxf3 Rae8 16. Kf1 Nh5 17. b4 Nf4 18. a4 b6 19. Nh4 c5 20. dxc5 bxc5 21. b5 c4 22. Be2 Bc5 23. Rad1 Nxh3 24. gxh3 Qh2 25. Bf3 Qxh3+ 26. Bg2 Qxh4 27. Rxe8 Rxe8 28. Rxd5 Bb6 29. Qd2 Re6 30. Qc2 Qe7 31. Bf3 Qh4 32. Bg2 Qg4 33. Qd1 Qh4 34. Qc2 h5 35. Rf5 Qg4 36. Bf3 Qh3+ 37. Bg2 Qh2 38. Bd5 Re7 39. Bg2 g6 40. Rf3 Qe5 41. Qd2 Kg7 42. Kg1 Qe1+ 43. Qxe1 Rxe1+ 44. Bf1 Ra1 45. Rf4 Rxa4 46. Rxc4 Rxc4 47. Bxc4 Ba5 48. Kg2 Bxc3 49. Kh3 g5 50. f4 f6 51. fxg5 fxg5 52. Bd5 Kh6 53. Bb7 g4+ 54. Kg2 Kg5 55. Bc6 h4 56. Kh2 h3 57. Bd7 Kh4 58. b6 axb6 59. Kg1 g3 60. Kh1 g2+ 61. Kh2 Bd4 62. Bf5 0-1

[Event "Moscow Time of the First U13"]
[Site "Moscow"]
[Date "2019.06.18"]
[Round "3"]
[White "Anisimov, Yuri"]
[Black "Isaykin, Valery"]
[Result "1-0"]
[WhiteElo "1882"]
[BlackElo "1483"]
[PlyCount "96"]
[EventDate "2019.06.17"]
[EventType "swiss"]
[EventRounds "9"]
[EventCountry "RUS"]
[SourceTitle "EXT 2021"]
[Source "ChessBase"]
[SourceDate "2020.10.23"]
[SourceVersion "1"]
[SourceVersionDate "2020.10.23"]
[SourceQuality "1"]

1. d4 d5 2. c4 dxc4 3. e3 e6 4. Bxc4 a6 5. Nf3 Nf6 6. 0-0 b5 7. Bd3 Bb7 8. Qe2 Nbd7 9. Nbd2 c5 10. Rd1 Bd6 11. b3 0-0 12. Bb2 Rc8 13. a4 bxa4 14. bxa4 a5 15. Nc4 Bb8 16. dxc5 Nxc5 17. Bxh7+ Nxh7 18. Rxd8 Rfxd8 19. Nxa5 Ba6 20. Qc2 Nd3 21. Qb3 Nxb2 22. Qxb2 Rd5 23. Nc6 Bxh2+ 24. Kxh2 Rxc6 25. Rc1 Rxc1 26. Qxc1 Ng5 27. Nxg5 Rxg5 28. Qc7 Rh5+ 29. Kg1 g6 30. Qb6 Bc4 31. Qd8+ Kh7 32. Qc7 Bd5 33. Qxf7+ Kh6 34. Qf4+ Kh7 35. a5 Rf5 36. Qh4+ Rh5 37. Qe7+ Kh6 38. Qf8+ Kh7 39. Qf7+ Kh6 40. Qf4+ Kh7 41. a6 e5 42. Qg4 e4 43. a7 Rf5 44. Qh4+ Kg7 45. Qe7+ Kh6 46. Qd8 Kg7 47. Qd7+ Kf6 48. g4 Re5 1-0

[Event "Moscow-ch final"]
[Site "Moscow"]
[Date "2019.04.06"]
[Round "8"]
[White "Anisimov, Yuri"]
[Black "Pesotskiy, Mikhail"]
[Result "0-1"]
[WhiteElo "1919"]
[BlackElo "2300"]
[PlyCount "136"]
[EventDate "2019.03.30"]
[EventType "swiss"]
[EventRounds "9"]
[EventCountry "RUS"]
[SourceTitle "CBM 189 Extra"]
[Source "ChessBase"]
[SourceDate "2019.06.03"]
[SourceVersion "1"]
[SourceVersionDate "2019.06.03"]
[SourceQuality "1"]

1. d4 Nf6 2. c4 e6 3. Nf3 c5 4. Nc3 cxd4 5. Nxd4 b6 6. e4 Bb7 7. Bd3 d6 8. Qe2 Be7 9. 0-0 0-0 10. Be3 Nbd7 11. Rad1 a6 12. Bb1 Qc7 13. f4 Rac8 14. b3 b5 15. Ncxb5 axb5 16. Nxb5 Qb8 17. Bd4 e5 18. fxe5 dxe5 19. Bb2 Rcd8 20. Nc3 Bc5+ 21. Kh1 Bd4 22. Nd5 Bxb2 23. Qxb2 Bxd5 24. exd5 e4 25. Qe2 Rfe8 26. d6 Re6 27. g4 Ne8 28. c5 Nxc5 29. Qf2 Nxd6 30. Qxc5 e3 31. Rde1 e2 32. Rf2 Qa8+ 33. Kg1 Ne4 34. Bxe4 Rxe4 35. Qf5 Rde8 36. Qxf7+ Kh8 37. Qf5 Qa7 38. Kg2 Qe7 39. h3 h6 40. Qf7 Qb4 41. Qxe8+ Rxe8 42. Rexe2 Rd8 43. Rf3 Rd1 44. Ref2 Qe1 45. Rf1 Qe2+ 46. R1f2 Qe4 47. a4 Rb1 48. Kh2 Qb4 49. Kg2 Rxb3 50. Rxb3 Qxb3 51. Rf4 Qe3 52. Rf3 Qe4 53. a5 Qa8 54. Kg3 Qxa5 55. h4 Qe5+ 56. Kg2 g6 57. Rf2 Kg7 58. Rf3 Qe2+ 59. Kg3 Qe1+ 60. Kh3 Qh1+ 61. Kg3 g5 62. hxg5 hxg5 63. Kf2 Qh2+ 64. Kf1 Qh4 65. Kg2 Qxg4+ 66. Rg3 Qe4+ 67. Kh3 Kg6 68. Rg2 Qh4# 0-1

[Event "Moscow-ch final"]
[Site "Moscow"]
[Date "2019.03.31"]
[Round "2"]
[White "Spichkin, Alexander"]
[Black "Anisimov, Yuri"]
[Result "1-0"]
[WhiteElo "2106"]
[BlackElo "1919"]
[PlyCount "99"]
[EventDate "2019.03.30"]
[EventType "swiss"]
[EventRounds "9"]
[EventCountry "RUS"]
[SourceTitle "CBM 189 Extra"]
[Source "ChessBase"]
[SourceDate "2019.06.03"]
[SourceVersion "1"]
[SourceVersionDate "2019.06.03"]
[SourceQuality "1"]

1. d4 Nf6 2. Bg5 c5 3. Nc3 cxd4 4. Qxd4 Nc6 5. Qh4 d6 6. 0-0-0 Be6 7. e4 Qa5 8. a3 0-0-0 9. Nf3 a6 10. Nd4 Nxd4 11. Rxd4 h6 12. Bxf6 gxf6 13. Nd5 Kb8 14. Be2 f5 15. Nxe7 fxe4 16. Rb4 Bxe7 17. Qxe7 Rd7 18. Qf6 Rc8 19. Rd1 Rdc7 20. Rd2 Qc5 21. Bxa6 Ka7 22. Be2 e3 23. fxe3 Qxe3 24. Qd4+ Qxd4 25. Rbxd4 d5 26. Bf3 Re7 27. Bxd5 Bf5 28. c3 Re1+ 29. Rd1 Re2 30. R4d2 Rxd2 31. Rxd2 Re8 32. Rf2 Bg6 33. Kd2 Rd8 34. c4 b5 35. Kc3 bxc4 36. Bxc4 Rd7 37. Rf6 Re7 38. a4 Re3+ 39. Kb4 Re4 40. a5 h5 41. Rd6 Bf5 42. Kc5 Bg6 43. Rd7+ Kb8 44. a6 Bf5 45. a7+ Kc8 46. Rxf7 Re5+ 47. Kb6 Be4 48. Rf8+ Kd7 49. Bb5+ Ke7 50. Re8+ 1-0